[Event "Titled Tuesday intern op 26th Nov Late"]
[Site "Chess.com INT"]
[Date "2024.11.26"]
[Round "7"]
[White "Cardozo Munar, Carlos Eduardo"]
[Black "Shamsi, Mohammadhossein"]
[Result "0-1"]
[WhiteElo "2060"]
[BlackElo "2217"]
[PlyCount "102"]
[EventDate "2024.11.26"]
[EventType "swiss (blitz)"]
[EventRounds "11"]
[EventCountry "USA"]
[SourceTitle "CB49_2024"]
[SourceDate "2024.12.04"]
[SourceVersion "1"]
[SourceVersionDate "2024.12.04"]
[SourceQuality "1"]

1. d4 d5 2. c3 Nf6 3. Bg5 Ne4 4. Bh4 c5 5. e3 Qb6 6. Qb3 e6 7. Nf3 Nc6 8. Nbd2 Nxd2 9. Nxd2 Bd7 10. Qxb6 axb6 11. a3 Bd6 12. 0-0-0 0-0 13. e4 cxd4 14. exd5 exd5 15. cxd4 Nxd4 16. Nf3 Rfc8+ 17. Kb1 Bf5+ 18. Bd3 Nxf3 19. gxf3 Be6 20. Bg3 Be7 21. Rhe1 Bf6 22. h4 g6 23. h5 Kg7 24. hxg6 hxg6 25. f4 Re8 26. f5 Bxf5 27. Rxe8 Bxd3+ 28. Rxd3 Rxe8 29. Rxd5 Re1+ 30. Ka2 Re2 31. Rb5 Bd4 32. a4 Bxf2 33. Bxf2 Rxf2 34. Rxb6 g5 35. Rxb7 g4 36. a5 Rf5 37. b4 g3 38. a6 g2 39. a7 g1Q 40. a8Q Rf2+ 41. Kb3 Qg3+ 42. Kc4 Rf4+ 43. Kb5 Qd3+ 44. Kc6 Rc4+ 45. Kb6 Rxb4+ 46. Kc7 Qc4+ 47. Kb8 Qf4+ 48. Kc8 Rc4+ 49. Kd8 Qd6+ 50. Ke8 Re4+ 51. Re7 Rxe7# 0-1

[Event "Titled Tuesday intern op 26th Nov Late"]
[Site "Chess.com INT"]
[Date "2024.11.26"]
[Round "5"]
[White "Eames, Robert"]
[Black "Shamsi, Mohammadhossein"]
[Result "0-1"]
[WhiteElo "2151"]
[BlackElo "2217"]
[PlyCount "46"]
[EventDate "2024.11.26"]
[EventType "swiss (blitz)"]
[EventRounds "11"]
[EventCountry "USA"]
[SourceTitle "CB49_2024"]
[SourceDate "2024.12.04"]
[SourceVersion "1"]
[SourceVersionDate "2024.12.04"]
[SourceQuality "1"]

1. e4 c6 2. d4 d5 3. f3 Qb6 4. Nc3 dxe4 5. fxe4 e5 6. Nf3 exd4 7. Nxd4 Nf6 8. e5 Ng4 9. e6 Bxe6 10. Bc4 Bxc4 11. Qxg4 Nd7 12. Nf5 Be6 13. Nxg7+ Bxg7 14. Qxg7 0-0-0 15. Bd2 h5 16. Qg3 Rhg8 17. Qf2 Qxb2 18. Rb1 Qa3 19. 0-0 Rg6 20. Rfd1 Rdg8 21. g3 h4 22. Ne4 hxg3 23. hxg3 Bd5 0-1

[Event "Titled Tuesday intern op 26th Nov Late"]
[Site "Chess.com INT"]
[Date "2024.11.26"]
[Round "11"]
[White "Shamsi, Mohammadhossein"]
[Black "Hoang, Truman"]
[Result "1-0"]
[WhiteElo "2217"]
[BlackElo "2020"]
[PlyCount "71"]
[EventDate "2024.11.26"]
[EventType "swiss (blitz)"]
[EventRounds "11"]
[EventCountry "USA"]
[SourceTitle "CB49_2024"]
[SourceDate "2024.12.04"]
[SourceVersion "1"]
[SourceVersionDate "2024.12.04"]
[SourceQuality "1"]

1. Nf3 Nf6 2. g3 g6 3. d4 Bg7 4. Bg2 0-0 5. 0-0 d6 6. b3 Nfd7 7. Bb2 c5 8. c4 Nc6 9. e3 e5 10. dxe5 Ndxe5 11. Nxe5 Nxe5 12. Nc3 Re8 13. Qd2 Bg4 14. f4 Nc6 15. Nd5 Bf5 16. Bxg7 Kxg7 17. Rad1 f6 18. Rfe1 Be4 19. Bxe4 Rxe4 20. Nc3 Re6 21. Qd5 Qe8 22. Kf2 Rb8 23. Nb5 Nb4 24. Nc7 Nxd5 25. Nxe8+ Rbxe8 26. Rxd5 Kf7 27. Kf3 f5 28. Rd3 Ke7 29. e4 fxe4+ 30. Rxe4 Kd7 31. Rxe6 Rxe6 32. g4 Kc6 33. f5 gxf5 34. gxf5 Re1 35. Rd2 a6 36. Kf4 1-0

[Event "Titled Tuesday intern op 24th Sep Late"]
[Site "Chess.com INT"]
[Date "2024.09.24"]
[Round "2"]
[White "Shamsi, Mohammadhossein"]
[Black "Niekras, Dawid"]
[Result "1-0"]
[WhiteElo "2217"]
[BlackElo "2357"]
[PlyCount "131"]
[EventDate "2024.09.24"]
[EventType "swiss (blitz)"]
[EventRounds "11"]
[EventCountry "USA"]
[SourceTitle "EXT 2025"]
[Source "ChessBase"]
[SourceDate "2024.10.14"]
[SourceVersion "1"]
[SourceVersionDate "2024.10.14"]
[SourceQuality "1"]

1. Nf3 g6 2. g3 Bg7 3. d4 Nf6 4. Bg2 0-0 5. 0-0 d5 6. c4 dxc4 7. Na3 Na6 8. Nxc4 c5 9. b3 Bf5 10. Bb2 Be4 11. Rc1 b6 12. e3 cxd4 13. Nxd4 Bxg2 14. Kxg2 Qd5+ 15. Qf3 Nb4 16. a3 Nd3 17. Rcd1 Nxb2 18. Nxb2 Rac8 19. Nc4 Qxf3+ 20. Kxf3 Rc5 21. Rd2 e5 22. Ne2 b5 23. Na5 Rfc8 24. b4 Rc2 25. Rfd1 h5 26. h3 Kf8 27. Nb3 Ke7 28. Nc5 Rxd2 29. Rxd2 Rd8 30. Rxd8 Kxd8 31. Nc3 Kc7 32. Nxb5+ Kb6 33. Nd6 Bf8 34. Nxf7 Bxc5 35. bxc5+ Kxc5 36. Nxe5 g5 37. g4 hxg4+ 38. hxg4 a5 39. Nf7 Kc4 40. Nxg5 Kb3 41. Ne6 Kxa3 42. g5 Ng8 43. Nd4 a4 44. Ke4 Kb2 45. Nb5 Kb3 46. f4 Kc4 47. Na3+ Kb3 48. Nb5 Kc4 49. Nd4 a3 50. f5 a2 51. Nc2 Kc3 52. Na1 Kb2 53. Kd3 Kxa1 54. Kc2 Ne7 55. f6 Ng6 56. f7 Nf8 57. e4 Ne6 58. g6 Nd4+ 59. Kd3 Ne6 60. Kc2 Nd4+ 61. Kc1 Ne2+ 62. Kd2 Kb2 63. f8Q a1Q 64. Qg7+ Kb1 65. Qxa1+ Kxa1 66. Kxe2 1-0

[Event "Titled Tuesday intern op 24th Sep Late"]
[Site "Chess.com INT"]
[Date "2024.09.24"]
[Round "8"]
[White "Tristan, Leonardo"]
[Black "Shamsi, Mohammadhossein"]
[Result "1-0"]
[WhiteElo "2536"]
[BlackElo "2217"]
[PlyCount "65"]
[EventDate "2024.09.24"]
[EventType "swiss (blitz)"]
[EventRounds "11"]
[EventCountry "USA"]
[SourceTitle "EXT 2025"]
[Source "ChessBase"]
[SourceDate "2024.10.14"]
[SourceVersion "1"]
[SourceVersionDate "2024.10.14"]
[SourceQuality "1"]

1. d4 d5 2. Nf3 Nf6 3. Bf4 c5 4. e3 cxd4 5. exd4 Nc6 6. c3 Bg4 7. Nbd2 e6 8. Qb3 Bd6 9. Qxb7 Bxf4 10. Qxc6+ Nd7 11. Bb5 Rc8 12. Qxd7+ Qxd7 13. Bxd7+ Kxd7 14. Ne5+ Bxe5 15. dxe5 Rb8 16. f3 Bf5 17. 0-0-0 Rhc8 18. g4 Bg6 19. h4 h6 20. h5 Bh7 21. Ne4 Rc6 22. Nd6 Ke7 23. Rd4 f6 24. f4 fxe5 25. fxe5 Rf8 26. Rb4 Rf2 27. Rb7+ Kd8 28. Rxg7 Rc2+ 29. Kd1 Bd3 30. Rh3 Bf1 31. Kxc2 Bxh3 32. g5 hxg5 33. h6 1-0

[Event "Titled Tuesday intern op 17th Sep Late"]
[Site "Chess,com INT"]
[Date "2024.09.17"]
[Round "7"]
[White "Rees, Ioan"]
[Black "Shamsi, Mohammadhossein"]
[Result "1-0"]
[WhiteElo "2251"]
[BlackElo "2217"]
[PlyCount "123"]
[EventDate "2024.09.17"]
[EventType "swiss (blitz)"]
[EventRounds "11"]
[EventCountry "USA"]
[SourceTitle "EXT 2025"]
[Source "ChessBase"]
[SourceDate "2024.10.14"]
[SourceVersion "1"]
[SourceVersionDate "2024.10.14"]
[SourceQuality "1"]

1. d4 d5 2. Bf4 Nf6 3. e3 c5 4. Nf3 cxd4 5. exd4 Nc6 6. Nbd2 Bg4 7. c3 e6 8. Bd3 Bd6 9. Bxd6 Qxd6 10. 0-0 0-0 11. Re1 Rab8 12. h3 Bh5 13. Qc2 Rfc8 14. a3 b5 15. Qb3 Bg6 16. Bxg6 hxg6 17. Ne5 Nd7 18. Ndf3 a5 19. Nxd7 Qxd7 20. Rad1 b4 21. c4 bxa3 22. Qxa3 dxc4 23. Ne5 Nxe5 24. Rxe5 Rb5 25. Qa4 Rcb8 26. Rc5 Qb7 27. Qxc4 Rxb2 28. Rxa5 Qe4 29. Ra2 Rxa2 30. Qxa2 Rd8 31. Qd2 Qd5 32. Qe3 e5 33. Qd3 exd4 34. Kf1 Qe5 35. Kg1 g5 36. Rd2 Ra8 37. Rd1 Ra4 38. Qd2 Rc4 39. Qd3 Qd5 40. Qd2 g6 41. Qd3 Rc8 42. Qd2 Qe5 43. Qxd4 Qe6 44. Qd3 Re8 45. Qd2 Kg7 46. Qxg5 f6 47. Qd2 Re7 48. Qd3 Qf7 49. Qc3 Rc7 50. Qb2 Rb7 51. Qa1 Ra7 52. Qc1 Rc7 53. Qe3 Rd7 54. Qf3 Re7 55. g3 Rc7 56. Kg2 Qe6 57. h4 Re7 58. h5 gxh5 59. Qxh5 Qe4+ 60. Qf3 Qg6 61. Rd4 Re1 62. Rg4 1-0

[Event "Titled Tuesday intern op 17th Sep Late"]
[Site "Chess,com INT"]
[Date "2024.09.17"]
[Round "1"]
[White "Shamsi, Mohammadhossein"]
[Black "Ghevondyan, Arman"]
[Result "0-1"]
[WhiteElo "2217"]
[BlackElo "2216"]
[PlyCount "80"]
[EventDate "2024.09.17"]
[EventType "swiss (blitz)"]
[EventRounds "11"]
[EventCountry "USA"]
[SourceTitle "EXT 2025"]
[Source "ChessBase"]
[SourceDate "2024.10.14"]
[SourceVersion "1"]
[SourceVersionDate "2024.10.14"]
[SourceQuality "1"]

1. Nf3 Nf6 2. g3 g6 3. Bg2 Bg7 4. 0-0 0-0 5. d4 d5 6. c4 c5 7. dxc5 dxc4 8. Na3 Qa5 9. Nxc4 Qxc5 10. Qd4 Qh5 11. Bf4 Nc6 12. Qd2 Bh3 13. Nce5 Rfd8 14. Qc2 Rac8 15. Qb3 Nd5 16. Nxc6 bxc6 17. Bxh3 Qxh3 18. Ng5 Qh5 19. e4 h6 20. exd5 hxg5 21. Be3 cxd5 22. Bxa7 d4 23. Rad1 e5 24. Rfe1 Rd7 25. Bb6 Kh7 26. a4 Qh3 27. a5 Rh8 28. Qf3 f5 29. a6 e4 30. Qg2 Qxg2+ 31. Kxg2 Ra8 32. a7 d3 33. Rd2 Rb7 34. Be3 Raxa7 35. Bxa7 Rxa7 36. f3 Ra4 37. fxe4 fxe4 38. Re3 g4 39. h3 Bh6 40. Kf2 gxh3 0-1

[Event "Titled Tuesday intern op 17th Sep Late"]
[Site "Chess,com INT"]
[Date "2024.09.17"]
[Round "8"]
[White "Shamsi, Mohammadhossein"]
[Black "Goncalves, Samuel Jesus P"]
[Result "1-0"]
[WhiteElo "2217"]
[BlackElo "2169"]
[PlyCount "87"]
[EventDate "2024.09.17"]
[EventType "swiss (blitz)"]
[EventRounds "11"]
[EventCountry "USA"]
[SourceTitle "EXT 2025"]
[Source "ChessBase"]
[SourceDate "2024.10.14"]
[SourceVersion "1"]
[SourceVersionDate "2024.10.14"]
[SourceQuality "1"]

1. Nf3 c5 2. g3 Nc6 3. d4 cxd4 4. Nxd4 g6 5. Bg2 Bg7 6. Nxc6 dxc6 7. Qxd8+ Kxd8 8. 0-0 h5 9. c3 h4 10. Bf4 h3 11. Bf3 e5 12. Bg5+ f6 13. Be3 Kc7 14. Rd1 Ne7 15. Bc5 Nd5 16. e4 b6 17. Ba3 f5 18. exd5 e4 19. d6+ Kd7 20. Be2 Bb7 21. f3 c5 22. fxe4 Bxe4 23. Nd2 Bc6 24. Bf3 Kxd6 25. Nc4+ Kc7 26. Bxc6 Kxc6 27. b4 Rad8 28. bxc5 Bxc3 29. Rac1 Bd4+ 30. Rxd4 Rxd4 31. Bb2 Rxc4 32. Rxc4 Re8 33. cxb6+ Kxb6 34. Kf2 g5 35. Bd4+ Kb7 36. Rc5 Rd8 37. Be3 f4 38. gxf4 gxf4 39. Bxf4 Rf8 40. Kg3 Kb6 41. Rc3 Re8 42. Kxh3 Re2 43. a3 Rf2 44. Be3+ 1-0

[Event "Titled Tuesday intern op 17th Sep Late"]
[Site "Chess,com INT"]
[Date "2024.09.17"]
[Round "9"]
[White "Shamsi, Mohammadhossein"]
[Black "Mohammadi, Melika"]
[Result "1-0"]
[WhiteElo "2217"]
[BlackElo "2181"]
[PlyCount "91"]
[EventDate "2024.09.17"]
[EventType "swiss (blitz)"]
[EventRounds "11"]
[EventCountry "USA"]
[SourceTitle "EXT 2025"]
[Source "ChessBase"]
[SourceDate "2024.10.14"]
[SourceVersion "1"]
[SourceVersionDate "2024.10.14"]
[SourceQuality "1"]

1. Nf3 c5 2. g3 Nc6 3. d4 cxd4 4. Nxd4 Nf6 5. Bg2 e6 6. 0-0 Bc5 7. Nb3 Be7 8. c4 0-0 9. Nc3 b6 10. Nd4 Bb7 11. b3 Rb8 12. Bb2 Nxd4 13. Qxd4 Bxg2 14. Kxg2 Qc8 15. Rfd1 Rd8 16. Rac1 Qb7+ 17. e4 Bc5 18. Qd3 Ng4 19. Rd2 f5 20. f3 Ne5 21. Qe2 Rf8 22. Rf1 f4 23. Na4 Ng6 24. Nxc5 bxc5 25. Rfd1 Rf7 26. Rd3 Rd8 27. Qf2 fxg3 28. hxg3 Rc8 29. Qd2 Nf8 30. Re1 h6 31. f4 Nh7 32. Kg1 Rcf8 33. Qh2 g5 34. Qxh6 Rf6 35. Bxf6 Rxf6 36. Qh2 Qc7 37. e5 Rg6 38. Qh5 Kg7 39. Red1 Nf8 40. fxg5 Qxe5 41. Rf3 Rxg5 42. Qf7+ Kh8 43. Qxf8+ Kh7 44. Rxd7+ Kg6 45. Qf7+ Kh6 46. Qh7# 1-0

[Event "Titled Tuesday intern op 17th Sep Late"]
[Site "Chess,com INT"]
[Date "2024.09.17"]
[Round "10"]
[White "Yagupov, Igor"]
[Black "Shamsi, Mohammadhossein"]
[Result "1-0"]
[WhiteElo "2239"]
[BlackElo "2217"]
[PlyCount "94"]
[EventDate "2024.09.17"]
[EventType "swiss (blitz)"]
[EventRounds "11"]
[EventCountry "USA"]
[SourceTitle "EXT 2025"]
[Source "ChessBase"]
[SourceDate "2024.10.14"]
[SourceVersion "1"]
[SourceVersionDate "2024.10.14"]
[SourceQuality "1"]

1. e4 c6 2. d4 d5 3. e5 Bf5 4. h4 h5 5. Bd3 Bxd3 6. Qxd3 e6 7. Bg5 Qa5+ 8. Nd2 Ne7 9. Ngf3 Nf5 10. 0-0 Qa6 11. c4 Be7 12. Bxe7 Nxe7 13. Qc3 0-0 14. a4 Qb6 15. c5 Qc7 16. b4 Nd7 17. Ng5 Nf5 18. Ndf3 Rae8 19. Rfe1 Qc8 20. Nh3 Qd8 21. g3 f6 22. Qd2 Qe7 23. Nf4 Qf7 24. exf6 gxf6 25. Qd3 Ng7 26. Ng6 Rc8 27. Nxf8 Rxf8 28. Ra2 Re8 29. Rae2 Nf8 30. Qe3 Nf5 31. Qd3 Ng7 32. Nd2 Nd7 33. f4 Nf8 34. Kh2 Nf5 35. Qxf5 exf5 36. Rxe8 Qg6 37. Nf1 Qg4 38. Kg2 Kf7 39. Nh2 Qg6 40. R1e7+ Kg8 41. Rd8 Qh6 42. Ree8 Kf7 43. Rxf8+ Ke7 44. Rb8 Qg6 45. Rg8 Qf7 46. Rxb7+ Ke6 47. Rxf7 Kxf7 1-0

[Event "Abu Dhabi Masters Online"]
[Site "Chess.com INT"]
[Date "2024.08.21"]
[Round "2"]
[White "Nguyen, Hong Nhung"]
[Black "Shamsi, Mohammadhossein"]
[Result "1-0"]
[WhiteElo "2077"]
[BlackElo "2217"]
[PlyCount "71"]
[EventDate "2024.08.21"]
[EventType "swiss (blitz)"]
[EventRounds "11"]
[EventCountry "UAE"]
[SourceTitle "CBM 221 Extra"]
[Source "ChessBase"]
[SourceDate "2024.09.30"]
[SourceVersion "1"]
[SourceVersionDate "2024.09.30"]
[SourceQuality "1"]

1. e4 c6 2. d4 d5 3. f3 Qb6 4. Nc3 dxe4 5. Bc4 exf3 6. Nxf3 Nf6 7. 0-0 Bg4 8. Bxf7+ Kxf7 9. Ne5+ Ke8 10. Nxg4 Nbd7 11. Kh1 e6 12. Bg5 Be7 13. Nxf6+ Bxf6 14. Qh5+ Kd8 15. Bxf6+ gxf6 16. Qf7 Re8 17. Ne4 Re7 18. Qg8+ Re8 19. Qxh7 Re7 20. Qg6 f5 21. Ng5 Nf8 22. Qf6 Kd7 23. b3 Rae8 24. c4 Qc7 25. Rae1 Nh7 26. Nxh7 Rxh7 27. Re5 Reh8 28. Qxe6+ Kd8 29. h3 Qg7 30. Qxf5 Kc7 31. Rfe1 Qg3 32. Re7+ Kb6 33. Qc5+ Ka6 34. Qa3+ Kb6 35. c5+ Kb5 36. Qa4# 1-0

[Event "Abu Dhabi Masters Online"]
[Site "Chess.com INT"]
[Date "2024.08.21"]
[Round "4"]
[White "Shamsi, Mohammadhossein"]
[Black "Ishvi, Aggarwal"]
[Result "1-0"]
[WhiteElo "2217"]
[BlackElo "2008"]
[PlyCount "93"]
[EventDate "2024.08.21"]
[EventType "swiss (blitz)"]
[EventRounds "11"]
[EventCountry "UAE"]
[SourceTitle "CBM 221 Extra"]
[Source "ChessBase"]
[SourceDate "2024.09.30"]
[SourceVersion "1"]
[SourceVersionDate "2024.09.30"]
[SourceQuality "1"]

1. Nf3 Nf6 2. g3 g6 3. Bg2 Bg7 4. d4 d5 5. 0-0 0-0 6. c4 c6 7. a4 Ne4 8. Nc3 f5 9. Qb3 e6 10. a5 a6 11. Rd1 Nd7 12. Bf4 Ndf6 13. Ne5 Nh5 14. cxd5 Nxf4 15. gxf4 exd5 16. Nxe4 fxe4 17. e3 Kh8 18. Kh1 Qh4 19. Rd2 g5 20. fxg5 Qxg5 21. f4 exf3 22. Nxf3 Qh5 23. Rf1 Bh3 24. Bxh3 Rxf3 25. Rxf3 Qxf3+ 26. Bg2 Qf7 27. Rd1 Re8 28. e4 Qg6 29. exd5 Re2 30. Qf3 Rxb2 31. dxc6 Rb1 32. cxb7 Bxd4 33. Qf8+ Qg8 34. Qxg8+ Kxg8 35. Rxb1 Be5 36. b8Q+ Bxb8 37. Rxb8+ Kf7 38. Rb7+ Kg6 39. Rb6+ Kg5 40. Rxa6 Kf4 41. Rh6 Ke3 42. Rxh7 Kf2 43. a6 Ke3 44. a7 Kf2 45. a8Q Ke3 46. Qe4+ Kf2 47. Rf7# 1-0

[Event "Titled Tuesday intern op 20th Aug Late"]
[Site "Chess.com INT"]
[Date "2024.08.20"]
[Round "7"]
[White "Shamsi, Mohammadhossein"]
[Black "Chyzy, Jakub"]
[Result "1-0"]
[WhiteElo "2217"]
[BlackElo "2368"]
[PlyCount "75"]
[EventDate "2024.08.20"]
[EventType "swiss (blitz)"]
[EventRounds "11"]
[EventCountry "USA"]
[SourceTitle "EXT 2025"]
[Source "ChessBase"]
[SourceDate "2024.10.14"]
[SourceVersion "1"]
[SourceVersionDate "2024.10.14"]
[SourceQuality "1"]

1. Nf3 Nf6 2. g3 d5 3. Bg2 c5 4. 0-0 Nc6 5. d4 cxd4 6. Nxd4 e5 7. Nxc6 bxc6 8. c4 Be6 9. Bg5 Be7 10. Nc3 e4 11. cxd5 cxd5 12. Be3 0-0 13. Bd4 Nd7 14. e3 Nc5 15. Bxc5 Bxc5 16. Rc1 Be7 17. Ne2 Qa5 18. a3 Rab8 19. Rc2 Bg4 20. h3 Bxe2 21. Qxe2 Bf6 22. Rd1 Rfd8 23. Rcd2 g6 24. h4 h5 25. Kh1 Be5 26. Rg1 f5 27. Rgd1 Rd6 28. b4 Qd8 29. Rc2 d4 30. exd4 Rxd4 31. Rxd4 Qxd4 32. Rd2 Qa1+ 33. Kh2 Qxa3 34. Qc4+ Kh7 35. Rd7+ Kh6 36. Qf7 Rh8 37. Qe7 Qb2 38. Qg5# 1-0

[Event "Titled Tuesday intern op 20th Aug Late"]
[Site "Chess.com INT"]
[Date "2024.08.20"]
[Round "5"]
[White "Shamsi, Mohammadhossein"]
[Black "Joubert, Dantelle"]
[Result "1-0"]
[WhiteElo "2217"]
[BlackElo "1740"]
[PlyCount "89"]
[EventDate "2024.08.20"]
[EventType "swiss (blitz)"]
[EventRounds "11"]
[EventCountry "USA"]
[SourceTitle "EXT 2025"]
[Source "ChessBase"]
[SourceDate "2024.10.14"]
[SourceVersion "1"]
[SourceVersionDate "2024.10.14"]
[SourceQuality "1"]

1. Nf3 d5 2. g3 c6 3. Bg2 Nf6 4. c4 e6 5. 0-0 Nbd7 6. Qc2 Bd6 7. d4 0-0 8. b3 Re8 9. Nc3 dxc4 10. bxc4 e5 11. d5 Nb6 12. dxc6 bxc6 13. Ng5 Qc7 14. Nce4 Nxe4 15. Nxe4 Bf8 16. Bb2 Be6 17. c5 Nd7 18. Ng5 Bxc5 19. Qxh7+ Kf8 20. Rac1 Qb6 21. Ba1 Nf6 22. Qh8+ Ng8 23. Bxe5 f6 24. Nxe6+ Rxe6 25. Bf4 Kf7 26. Qh5+ Kf8 27. Qxc5+ Qxc5 28. Rxc5 Rc8 29. e3 Ne7 30. Rfc1 g5 31. Bh3 Kf7 32. Bxe6+ Kxe6 33. Bxg5 fxg5 34. Rxg5 Kd6 35. e4 Ke6 36. f4 Rd8 37. Re5+ Kf6 38. Rec5 Rd2 39. R5c2 Rd3 40. e5+ Kf7 41. Rc3 Rd2 42. R1c2 Rd1+ 43. Kg2 Rd4 44. Kf3 Rd1 45. g4 1-0

[Event "Titled Tuesday intern op 20th Aug Late"]
[Site "Chess.com INT"]
[Date "2024.08.20"]
[Round "2"]
[White "Shamsi, Mohammadhossein"]
[Black "Keleberda, Timur"]
[Result "0-1"]
[WhiteElo "2217"]
[BlackElo "2283"]
[PlyCount "64"]
[EventDate "2024.08.20"]
[EventType "swiss (blitz)"]
[EventRounds "11"]
[EventCountry "USA"]
[SourceTitle "EXT 2025"]
[Source "ChessBase"]
[SourceDate "2024.10.14"]
[SourceVersion "1"]
[SourceVersionDate "2024.10.14"]
[SourceQuality "1"]

1. Nf3 Nf6 2. g3 d5 3. Bg2 c6 4. c4 dxc4 5. 0-0 Be6 6. Ng5 Bc8 7. Nf3 Nbd7 8. Qc2 Nb6 9. Na3 Qd5 10. Ne1 Qe5 11. e3 Be6 12. Nf3 Qd6 13. Nd4 Bd5 14. Rd1 Bxg2 15. Kxg2 e5 16. Nf5 Qd5+ 17. f3 e4 18. Nd4 exf3+ 19. Nxf3 Bxa3 20. bxa3 0-0 21. Bb2 Ne4 22. d3 Ng5 23. e4 cxd3 24. Rxd3 Qxe4 25. Re1 Qg6 26. Ne5 Qe6 27. Rf1 Qh3+ 28. Kg1 Nd5 29. Rd4 Qxf1+ 30. Kxf1 Ne3+ 31. Ke2 Nxc2 32. Rg4 f6 0-1

[Event "Titled Tuesday intern op 13th Aug Late"]
[Site "Chess.com INT"]
[Date "2024.08.13"]
[Round "11"]
[White "Kopacz, Grzegorz"]
[Black "Shamsi, Mohammadhossein"]
[Result "1-0"]
[WhiteElo "1998"]
[BlackElo "2217"]
[PlyCount "67"]
[EventDate "2024.08.13"]
[EventType "swiss (blitz)"]
[EventRounds "11"]
[EventCountry "USA"]
[SourceTitle "EXT 2025"]
[Source "ChessBase"]
[SourceDate "2024.10.14"]
[SourceVersion "1"]
[SourceVersionDate "2024.10.14"]
[SourceQuality "1"]

1. e4 c6 2. Nf3 d5 3. e5 Bf5 4. d4 e6 5. Be2 Nd7 6. 0-0 a5 7. Be3 a4 8. Nbd2 f6 9. c4 fxe5 10. dxe5 Ne7 11. Re1 Ng6 12. cxd5 cxd5 13. Bb5 Be7 14. Nd4 0-0 15. g4 Ndxe5 16. gxf5 exf5 17. Ne6 Qa5 18. Nxf8 Qxb5 19. Nxg6 Nxg6 20. Nf3 Rf8 21. Nd4 Qd7 22. f4 Bf6 23. Qd3 Nh4 24. Kf2 Re8 25. Qb5 Qf7 26. Rg1 Rxe3 27. Kxe3 Qe7+ 28. Kd2 Bxd4 29. Qxd5+ Kh8 30. Rge1 Qb4+ 31. Kc2 Bc5 32. a3 Qb5 33. Qd8+ Bf8 34. Qxf8# 1-0

[Event "Titled Tuesday intern op 13th Aug Late"]
[Site "Chess.com INT"]
[Date "2024.08.13"]
[Round "9"]
[White "Pahomov, Ruslan"]
[Black "Shamsi, Mohammadhossein"]
[Result "1-0"]
[WhiteElo "2191"]
[BlackElo "2217"]
[PlyCount "67"]
[EventDate "2024.08.13"]
[EventType "swiss (blitz)"]
[EventRounds "11"]
[EventCountry "USA"]
[SourceTitle "EXT 2025"]
[Source "ChessBase"]
[SourceDate "2024.10.14"]
[SourceVersion "1"]
[SourceVersionDate "2024.10.14"]
[SourceQuality "1"]

1. d4 d5 2. c4 c6 3. Nc3 Nf6 4. Nf3 e6 5. Bg5 dxc4 6. e4 b5 7. e5 h6 8. Bh4 g5 9. Nxg5 hxg5 10. Bxg5 Be7 11. exf6 Bxf6 12. Bxf6 Qxf6 13. g3 Bb7 14. Bg2 Na6 15. a4 Nb4 16. 0-0 0-0-0 17. axb5 cxb5 18. Nxb5 Qh6 19. h4 a6 20. Qa4 axb5 21. Bxb7+ Kd7 22. Qxb5+ Ke7 23. Qxb4+ Kf6 24. d5 Rdg8 25. Qc3+ Ke7 26. d6+ Kd7 27. Bc6+ Kxc6 28. Qxc4+ Kxd6 29. Qd4+ Ke7 30. Ra7+ Kf8 31. Rfa1 e5 32. Qxe5 Qxh4 33. Ra8+ Qd8 34. Rxd8# 1-0

[Event "Titled Tuesday intern op 13th Aug Late"]
[Site "Chess.com INT"]
[Date "2024.08.13"]
[Round "10"]
[White "Shamsi, Mohammadhossein"]
[Black "Shapiro, Daniel E"]
[Result "1-0"]
[WhiteElo "2217"]
[BlackElo "2284"]
[PlyCount "73"]
[EventDate "2024.08.13"]
[EventType "swiss (blitz)"]
[EventRounds "11"]
[EventCountry "USA"]
[SourceTitle "EXT 2025"]
[Source "ChessBase"]
[SourceDate "2024.10.14"]
[SourceVersion "1"]
[SourceVersionDate "2024.10.14"]
[SourceQuality "1"]

1. Nf3 Nf6 2. g3 d5 3. Bg2 e6 4. 0-0 Be7 5. d4 0-0 6. c4 c6 7. b3 b6 8. Bb2 Bb7 9. Nc3 Nbd7 10. Qc2 Rc8 11. Nd2 c5 12. dxc5 Bxc5 13. cxd5 Nxd5 14. Nc4 b5 15. Nxb5 Ba6 16. a4 Bxb5 17. axb5 Rb8 18. Ra5 N7b6 19. Rfa1 Rc8 20. Qd3 Nb4 21. Qc3 f6 22. Bh3 Re8 23. Qf3 Rc7 24. Qe4 Qd7 25. Bg2 Qd5 26. Qf4 Qd7 27. Nxb6 axb6 28. Ra8 Rcc8 29. Rxc8 Rxc8 30. Bc3 Nd5 31. Bxd5 Qxd5 32. Be1 Qxb3 33. Ra7 Qxb5 34. Qg4 Bf8 35. Qxe6+ Kh8 36. Qxc8 Qxe2 37. Qxf8# 1-0

[Event "Titled Tuesday intern op 06th Aug Late"]
[Site "Chess.com INT"]
[Date "2024.08.06"]
[Round "7"]
[White "Novik, Maxim"]
[Black "Shamsi, Mohammadhossein"]
[Result "1-0"]
[WhiteElo "2411"]
[BlackElo "2217"]
[PlyCount "43"]
[EventDate "2024.08.06"]
[EventType "swiss (blitz)"]
[EventRounds "11"]
[EventCountry "USA"]
[SourceTitle "EXT 2025"]
[Source "ChessBase"]
[SourceDate "2024.10.14"]
[SourceVersion "1"]
[SourceVersionDate "2024.10.14"]
[SourceQuality "1"]

1. c4 c6 2. e4 d5 3. exd5 cxd5 4. d4 Nf6 5. Nc3 e6 6. Nf3 Bb4 7. cxd5 Nxd5 8. Bd2 0-0 9. Bd3 Be7 10. 0-0 Nf6 11. a3 b6 12. Re1 Bb7 13. Bg5 h6 14. Be3 Nc6 15. Bc2 Bd6 16. Qd2 Re8 17. Rad1 Ne7 18. Bxh6 gxh6 19. Qxh6 Ned5 20. Ng5 Qe7 21. Bh7+ Nxh7 22. Qxh7+ 1-0

[Event "Titled Tuesday intern op 06th Aug Late"]
[Site "Chess.com INT"]
[Date "2024.08.06"]
[Round "11"]
[White "Shamsi, Mohammadhossein"]
[Black "Capp, Stephen P"]
[Result "1-0"]
[WhiteElo "2217"]
[BlackElo "1952"]
[PlyCount "71"]
[EventDate "2024.08.06"]
[EventType "swiss (blitz)"]
[EventRounds "11"]
[EventCountry "USA"]
[SourceTitle "EXT 2025"]
[Source "ChessBase"]
[SourceDate "2024.10.14"]
[SourceVersion "1"]
[SourceVersionDate "2024.10.14"]
[SourceQuality "1"]

1. Nf3 Nc6 2. d4 d5 3. g3 Bf5 4. Bg2 e6 5. 0-0 Nf6 6. c4 Nb4 7. Na3 Be7 8. Bd2 0-0 9. Bc3 c6 10. Ne5 Ne4 11. Bxb4 Bxb4 12. Nc2 Bd6 13. Ne3 Bxe5 14. Nxf5 Bc7 15. Ne3 f5 16. cxd5 exd5 17. b4 f4 18. gxf4 Bxf4 19. Bxe4 Qh4 20. Ng4 dxe4 21. e3 Bd6 22. f4 exf3 23. Rxf3 h5 24. Ne5 Bxe5 25. dxe5 Rad8 26. Rxf8+ Rxf8 27. Qd4 Qf2+ 28. Kh1 Qf3+ 29. Kg1 Rf5 30. Qh4 Qxe3+ 31. Kh1 Rf4 32. Qxh5 Qe4+ 33. Kg1 Rg4+ 34. Kf2 Qf4+ 35. Ke2 Rg2+ 36. Kd3 1-0